| 000 | 01183cam a2200373 a 4500 | ||
|---|---|---|---|
| 001 | 22583 | ||
| 003 | SK-KTurca | ||
| 005 | 20260401141407.0 | ||
| 008 | 141028s2014 xo a j 000 f slo d | ||
| 015 | _aSNBA2014/09 | ||
| 020 | _a9788055611112 (viaz.) | ||
| 035 | _aa000517828 | ||
| 040 |
_aPOKPOH _bslo _cUKB _dSNK _eAACR2 |
||
| 041 | 1 |
_aslo _heng |
|
| 044 |
_axo _cSK |
||
| 072 | 7 |
_a821.111-3 _xAnglická próza, anglicky písaná _2konspekt |
|
| 072 | 7 |
_a821-93 _xLiteratúra pre deti a mládež (beletria) _2konspekt |
|
| 080 |
_a821.111-31 _22004 |
||
| 080 |
_a821-93 _22004 |
||
| 080 |
_a(0:82-31) _22004 |
||
| 100 | 1 |
_aWilson, Jacqueline, _d1945- |
|
| 240 | 1 | 0 |
_aHetty Feather. _lSlovensky |
| 245 | 1 | 0 |
_aVzdušné zámky _cJacqueline Wilsonová ; ilustroval Nick Sharratt ; [z anglického originálu preložila Jana Vlašičová] |
| 260 |
_aBratislava _bSlovart _cc2014 |
||
| 300 |
_a357, [1] s. _bil. |
||
| 653 | _a821.111-31 | ||
| 653 | _a821-93 | ||
| 653 | _a(0:82-31) | ||
| 655 | 7 |
_aanglické romány _2UKBPH |
|
| 655 | 7 |
_apublikácie pre deti _2UKBPH |
|
| 700 | 1 |
_aSharratt, Nick, _d1962- _4ill |
|
| 700 | 1 |
_aVlašičová, Jana _4trl |
|
| 942 |
_2ddc _cKLDE _n0 |
||
| 999 |
_c22583 _d22583 |
||